000 01275nam a22004097a 4500
003 OSt
005 20230308125048.0
008 221006b |||||||| |||| 00| 0 eng d
020 _a1136-6907
040 _cBiblioteca Lado V
082 _a700.41
_bR744a
100 _9525
_aRolando, Carlos
_eautor
245 _aARCONoticas/
260 _bFeria Internacional de Arte Contemporáneo
_c2002
_aMadrid
300 _c21x30cm
_a98p.
490 _a24
_v2002
505 _tEditorial
505 _tARCO'02 Review
505 _tARCO'03 Preview
505 _tGaleria de Perfiles
505 _tMuy Personal
505 _tColeccionismo
505 _tHorizontes
505 _tEspacios para el Arte
505 _tMust-Reads
505 _tDe Interes
505 _tNoticias de la Asociación
505 _tCuadernos de Arte
505 _tWho's Who
650 _2Tesauro de Arte & Arquitectura
_aARTE
_9703
650 _2Tesauro de Arte & Arquitectura
_aNOTICIAS
650 _2Tesauro de Arte & Arquitectura
_aCRITICA
650 _2Tesauro de Arte & Arquitectura
_aAPRECIACION
650 _2Tesauro de Arte & Arquitectura
_aVISIBILIDAD
650 _2Tesauro de Arte & Arquitectura
_aCOLECCIONISMO
942 _2ddc
_c1
_h700.41
_iR744a
_n0
999 _c3149
_d3149